[Event "The Collie Cup Tournament"]
[Site "Bermuda"]
[Date "2017.01.10"]
[Round "5"]
[White "Daniel Iwaloye"]
[Black "Brian Davis"]
[Result "0-1"]
[WhiteElo "1500"]
[BlackElo "1428"]

1.c4 e6 2.d4 Nf6 3.Nf3 c5 4.e3 Nc6 5.Nc3 { #R} Qb6 6.d5 exd5 7.cxd5 Nb4 8.a3
Qa5 9.e4 b6 10.Bg5 Nxe4 11.Nxe4 Nc2+ 12.Ke2 Ba6+ 13.Qd3 Bxd3+ 14.Kxd3 Nxa1
15.Nfd2 f5 16.Nc3 b5 17.g3 c4+ 18.Ke3 Nc2+ 19.Ke2 Nd4+ 20.Kd1 b4 21.Nxc4 Qc5
22.Be3 bxc3 23.bxc3 Qxd5 24.Bxd4 Qxh1 {#R} 0-1

[Event "The Collie Cup Tournament"]
[Site "Bermuda"]
[Date "2017.01.15"]
[Round "5"]
[White "Carlton Simmons"]
[Black "Ezra Turner"]
[Result "1-0"]
[WhiteElo "1400"]
[BlackElo "1700"]

1.d4 d5 2.Nf3 Nf6 3.Bf4 Nc6 4.e3 Bg4 5.c3 h6 6.h3 Bxf3 7.Qxf3 Ne4 8.Bd3 e6
9.a3 Bd6 10.Bxe4 dxe4 11.Qxe4 Bxf4 12.Qxf4 Ne7 13.Nd2 Ng6 14.Qg3 Qd5 15.e4 Qh5
16.Qxc7 O-O 17.O-O f5 18.Rae1 f4 19.f3 Qg5 20.Qc4 Nh4 21.Rf2 Rf6 22.e5 Rg6
23.Ree2 Qf5 24.Kf1 Rg3 25.d5 Nxg2 26.Rxg2 Qxh3 27.Qd4 exd5 28.Qxd5+ Kh8 29.Kg1
Rf8 30.e6 Re8 31.e7 Qc8 32.Rxg3 fxg3 33.Kg2 Qc7 34.Qf7 Qc8 35.Nc4 {#r} 1-0

[Event "The Collie Cup Tournament"]
[Site "Bermuda"]
[Date "2017.01.17"]
[Round "6"]
[White "Rey Casanova"]
[Black "Carlton Simmons"]
[Result "1-0"]
[WhiteElo "1670"]
[BlackElo "1400"]

1.e4 d6 2.d4 c6 3.h3 Bd7 4.Nf3 h6 5.Bc4 e6 6.O-O d5 7.exd5 cxd5 8.Bb3 b5 9.c3
Bd6 10.Re1 Nf6 11.Ne5 a5 12.Bc2 Nc6 13.f4 Qc7 14.f5 Nxe5 15.fxe6 fxe6 16.dxe5
Bxe5 17.Bg6+ Ke7 18.Qe2 Bg3 19.Rf1 Be8 20.Bd3 Rb8 21.a3 Bf7 22.b4 Rhe8 23.Be3
Kf8 24.Bxh6 Nh5 25.Qxh5 gxh6 26.Bg6 Bf4 27.Bxf7 Qxf7 28.Qxf7+ Kxf7 29.Rxf4+
Ke7 30.Nd2 Rec8 31.Rf3 Ra8 32.Nb3 axb4 33.axb4 Rxa1+ 34.Nxa1 d4 35.cxd4 Rc4
36.Nb3 Rxb4 37.g4 Kd6 38.Kf2 Rc4 39.Rd3 Kd5 40.Re3 Rc2+ 41.Kf3 b4 42.h4 Kc4
43.g5 hxg5 44.hxg5 Rh2 45.Kf4 Rh4+ 46.Ke5 Rg4 47.Kf6 Rf4+ 48.Kxe6 Rf8 49.Ke7
Rg8 50.Rg3 Kd5 51.g6 Ra8 52.g7 Ra7+ 53.Kf6 1-0

[Event "The Collie Cup Tournament"]
[Site "Bermuda"]
[Date "2017.01.17"]
[Round "6"]
[White "Moses Mufandaedza"]
[Black "Daniel Cabral"]
[Result "1-0"]
[WhiteElo "1981"]
[BlackElo "1600"]

1.d4 Nf6 2.c4 g6 3.Nc3 d5 4.cxd5 Nxd5 5.e4 Nxc3 6.bxc3 Bg7 7.Bb5+ Nd7 8.Ne2
O-O 9.O-O c5 10.Be3 Qa5 11.Qb3 b6 12.Rfd1 cxd4 13.cxd4 a6 14.Bc6 Ra7 15.Rab1
b5 16.d5 Rc7 17.Bf4 Be5 18.Bd2 Qb6 19.a4 Nc5 20.Qb4 Nd3 21.Be3 Qxc6 22.Rxd3
Qc4 23.Qxc4 Rxc4 24.axb5 axb5 25.f4 Bg4 26.Nd4 Bxd4 27.Rxd4 Rfc8 28.Rxb5 R4c7
29.h3 Be2 30.Rb2 Rc2 31.Rd2 Rxb2 32.Rxb2 Bd3 33.Rb4 Rd8 34.Bc5 Rd7 35.Rd4 Bb5
36.Kf2 Kg7 37.Ke3 f6 38.Rb4 Bf1 39.Rb2 Kf7 40.Kd4 h5 41.e5 fxe5+ 42.fxe5 Kg7
43.Rf2 Ba6 44.e6 {#t} 1-0

[Event "The Collie Cup Tournament"]
[Site "Bermuda"]
[Date "2017.01.17"]
[Round "6"]
[White "Serguei Gontcharov"]
[Black "Sami Lill"]
[Result "1-0"]
[WhiteElo "1724"]
[BlackElo "1879"]

1. e4 c5 2. c3 Nc6 3. Nf3 g6 4. d4 cxd4 5. cxd4 Bg7 6. Nc3 Qb6 7. d5 Ne5 8.
Be2 a6 9. O-O h5 10. Qc2 d6 11. Be3 Nxf3+ 12. Bxf3 Qd8 13. Na4 b5 14. Nb6 Rb8
15. Qc6+ Bd7 16. Nxd7 Qxd7 17. Qxa6 Bxb2 18. Rab1 Be5 19. Be2 b4 20. Rfc1 Nf6
21. f4 Bxf4 22. Bxf4 O-O 23. Qd3 Qa7+ 24. Be3 Qa5 25. Bd4 Nd7 26. Bxh5 Ne5 27.
Bxe5 dxe5 28. Bf3 Qxa2 29. Ra1 Qb2 30. Rcb1 Qd4+ 31. Qxd4 exd4 32. Ra4 Rfc8
33. Raxb4 Rxb4 34. Rxb4 d3 35. Rd4 Rc3 36. Kf2 Kg7 37. Ke3 Kf6 38. Rxd3 Rc2
39. Kd4 g5 40. e5+ Kg6 41. Be4+ f5 42. exf6+ Kxf6 43. Rf3+ Kg7 44. Rf5 Rd2+
45. Ke3 Rd1 46. Rxg5+ Kh6 47. Re5 Kg7 48. Rxe7+ Kf6 49. Re6+ Kg7 50. Kf4 Rf1+
51. Ke5 Re1 52. Kd6 Kf8 53. Kd7 Kg7 54. d6 Kf8 55. Re8+ Kg7 56. Kd8 Kf6 57. d7
Kg7 58. Re7+ Kh6 59. Ke8 Kg5 60. d8=Q {#r} 1-0

[Event "The Collie Cup tournament"]
[Site "Bermuda"]
[Date "2017.01.22"]
[Round "6"]
[White "Ben Wacker"]
[Black "Ezra Turner"]
[Result "1/2-1/2"]
[WhiteElo "1400"]
[BlackElo "1700"]

1.d4 d5 2.c4 Nf6 3.Nf3 h6 4.e3 Bg4 5.h3 Bh5 6.Be2 e6 7.a3 c6 8.O-O Bd6 9.c5
Bc7 10.Nc3 Nbd7 11.b4 Bxf3 12.Bxf3 h5 13.e4 dxe4 14.Nxe4 Nxe4 15.Bxe4 Qh4
16.Qe2 g5 17.d5 g4 18.f4 cxd5 19.Bb2 Nf6 20.Qb5+ Kf8 21.Qxb7 Re8 22.Qxc7 dxe4
23.Rad1 gxh3 24.Qd6+ Kg8 25.gxh3 Qg3+ 26.Kh1 Qxh3+ 27.Kg1 Qg3+ 28.Kh1 {#D}
1/2-1/2